000 00466nam a2200181Ia 4500
003 OSt
005 20260105163956.0
008 210210b1952 xxu||||| |||| 00| 0 eng d
040 _cAL
041 _aKannada
082 _a859/1599
100 _aRAMALINGAYYA
_9156010
_dರಾಮಲಿಂಗಯ್ಯ
245 _aSevasadana:
_bಸೇವಾಸದನ
260 _aMangaluru
_b-
_c1952
690 _aKannada Fiction
_9156011
906 _a022326
942 _2ddc
_cBK
999 _c146624
_d146624